000 00214nam a22000857a 4500
008 170527b xxu||||| |||| 00| 0 eng d
100 _93159
_aThomas.M.etal.
245 _aJoy of Grammar-8
260 _aNew delhi
_bA.I.
_c2008
999 _c6457
_d6457